00773cam a22002297a 4500003000500000005001700005008004100022010001000063011001000073035001000083040000900093100003400102245011100136260003700247300001900284500002000303502009800323650003300421650002400454650004100478650002400519CHAP20220329135740.0971013s1986 r 00010 d a41463 a42435 a46564 cCHAP00aMuñiz Alvarez, José Luis. 0aEstudio agrológico semidetallado correspondiente al ejido las Margaritas municipio de Burgos, Tamaulipas aMarín, N.L. :bEl autor,c1986 a70 h.b; mapas aIncluye 2 mapas aTesis (Ing. Agrónomo Fitotencista) -- Univ. Autónoma de Nuevo León. Fac. de Agronomía14aEjido las Margaritas, Tamps.14aSuelosxAnálisis.14aSuelosxClasificaciónxTamaulipas.14aSuelosxTamaulipas.